00217nam a2200073Ia 4500008004100000082001500041100002200056245006500078240331s9999 xx 000 0 und d a294.3bWIC aWickramarathne, A 0aBuddhism and ethnicity in Sri Lanka :ba historical analrsis